Art and rituals : 2500 years of Jainism in India /

Bibliographic Details
Main Author: Fischer, Eberhard, 1941-
Other Authors: Jain, Jyotindra, 1943-
Format: Book
Language:English
Published: New Delhi : Sterling Publishers Private ; [1977]
Subjects:

MARC

Tag First Indicator Second Indicator Subfields
LEADER 00000cam a2200000 i 4500
001 in00000741721
005 20151016085530.0
008 790913s1977 ii a b 00010 eng
010 |a  78670055  
020 |a 0800201787 
035 |a (OCoLC)05749449 
035 |9 ADH1557AM 
040 |a DLC  |c DLC  |d m.c.  |d m/c  |d TXA  |d UtOrBLW 
043 |a a-ii--- 
049 |a TXAM  |c [A11120357] 
050 0 0 |a N8199.J36  |b I43 
082 0 |a 704.948/9/44 
100 1 |a Fischer, Eberhard,  |d 1941- 
245 1 0 |a Art and rituals :  |b 2500 years of Jainism in India /  |c Eberhard Fischer & Jyotindra Jain. 
264 1 |a New Delhi :  |b Sterling Publishers Private ;  |c [1977] 
264 2 |a New York :  |b Distributed by International Publications Service, 
264 4 |c ©1977 
300 |a 80 pages :  |b illustrations ;  |c 29 cm. 
336 |a text  |b txt  |2 rdacontent 
337 |a unmediated  |b n  |2 rdamedia 
338 |a volume  |b nc  |2 rdacarrier 
504 |a Bibliography: page [8]. 
650 0 |a Jaina art. 
650 0 |a Jainism. 
700 1 |a Jain, Jyotindra,  |d 1943- 
999 |a MARS 
999 f f |s dc71df68-9a3f-375c-a22a-2ad46990029c  |i 06479b0f-b663-39fb-b271-5a70287767e1  |t 0 
952 f f |p normal  |a Texas A&M University  |b College Station  |c Sterling C. Evans Library  |d Evans: Library Stacks  |t 0  |e N8199.J36 I43  |h Library of Congress classification  |i unmediated -- volume  |m A14811120357 
998 f f |a N8199.J36 I43  |t 0  |l Evans: Library Stacks